000 00285nam a2200133Ia 4500
020 _a9788180546204
082 _a344
_bKAP
100 _aKAPOOR,N.D
245 _aCOMPANY LAW
250 _a6th . Ed.
260 _bSULTAN CHAND
_aNew Delhi
_c2014
300 _a362p.
942 _2ddc
_cFCM
_02
999 _c6448
_d6448